000 01039nam0a22003131 4500
001 v19\rc\1977992
005 20260407121955.0
035 _a(NLR Aleph) 005061535
090 _a7001372
_c7001372
100 _a20080623d1917 u y0rusy50 ca
101 0 _arus
102 _aRU
105 _aa z |||||
200 1 _aНаставление для инженерных войск по специальному образованию
_eПроект
_iПодрывные работы
205 _a4-е изд.
210 _aПетроград
_cЖен. тип.
_d1917
215 _aVIII, 327 с.
_cил.
_d18
740 1 _aРоссия
_tВоенные уставы и наставления
_3RU\NLR\AUTH\889957977
_9412039
801 0 _aRU
_bNLR
_gpsbo
801 0 _aRU
_bRuMoRGB
_2psbo
801 1 _aRU
_bProSoft-M
_2rusmarc
852 _aNLR
_j17.123.5.13
899 _aRuMoRGB
_jV 284/356
899 _aRuMoRGB
_jV 549/352
899 _aRuMoRGB
_jΔ 399/167
899 _aRuMoRGB
_jΔ 26/167
899 _aБАН
942 _cBOOK
980 _aNB